Het experiment. (Record no. 5647)

MARC details
000 -LEADER
fixed length control field 00568cam a22002171 4500
001 - CONTROL NUMBER
control field af 48003546
003 - CONTROL NUMBER IDENTIFIER
control field DLC
005 - DATE AND TIME OF LATEST TRANSACTION
control field 20260227110903.0
008 - FIXED-LENGTH DATA ELEMENTS--GENERAL INFORMATION
fixed length control field 890505s1944 be 000 1 dut c
010 ## - LIBRARY OF CONGRESS CONTROL NUMBER
LC control number af 48003546
035 ## - SYSTEM CONTROL NUMBER
System control number (OCoLC)19660366
040 ## - CATALOGING SOURCE
Original cataloging agency California. Univ. Libr.
Transcribing agency CU
Modifying agency CU
-- DLC
042 ## - AUTHENTICATION CODE
Authentication code premarc
050 00 - LIBRARY OF CONGRESS CALL NUMBER
Classification number PT6434.L7
Item number E8 1944
100 1# - MAIN ENTRY--PERSONAL NAME
Personal name Lebeau, Paul,
Dates associated with a name 1908-1982.
245 14 - TITLE STATEMENT
Title Het experiment.
250 ## - EDITION STATEMENT
Edition statement 2. druk.
260 ## - PUBLICATION, DISTRIBUTION, ETC.
Place of publication, distribution, etc. Antwerpen,
Name of publisher, distributor, etc. De Nederlandsche Boekhandel
Date of publication, distribution, etc. [1944]
300 ## - PHYSICAL DESCRIPTION
Extent 225 p.
Dimensions 21 cm.
500 ## - GENERAL NOTE
General note A novel.

No items available.

Powered by Koha